000 00317nam a22001337a 4500
020 _a9789381226612
041 _aENG
100 _aPatil. R.T
245 _aProccessing Technology For Food Legumes
260 _aDelhi
_bSatish Serial Publishing House
_c1996
300 _a674
650 _aAPE
856 _uAPE ( 3 )
999 _c1681
_d1681